|
|
|
|
| LEADER |
00000cam a2200000 a 4500 |
| 001 |
UCE3793 |
| 003 |
CL-VaPUC |
| 008 |
140925e20090000sp |||||||||||||||||spa|d |
| 020 |
|
|
|a 9788496813236
|
| 082 |
0 |
4 |
|a 358.171
|b QUE
|2 21
|
| 100 |
0 |
|
|a Quesada Sanz, Fernando
|e author
|9 576305
|
| 245 |
1 |
0 |
|a Ultima ratio regis: control y prohibición de las armas desde la antigüedad a la Edad Media
|
| 250 |
|
|
|a 1a. ed
|
| 300 |
|
|
|a 487 p
|
| 942 |
|
|
|c BK
|
| 945 |
|
|
|d 20140925 17:45:00
|a arojas
|
| 260 |
|
|
|a Madrid
|b Polifemo
|c 2009
|
| 650 |
|
0 |
|a Armas
|9 318202
|
| 650 |
|
0 |
|a Armas primitivas
|9 323844
|
| 650 |
|
0 |
|a Armas de guerra
|9 389596
|
| 650 |
|
7 |
|a PROHIBICIONES
|2 CL-VaPUC
|9 398347
|
| 583 |
|
|
|a last modification
|c 20140925 17:45:00
|k Rodrigo Vera
|
| 999 |
|
|
|c 356943
|d 356941
|
| 952 |
|
|
|0 0
|1 0
|3 erb
|4 0
|6 358_171000000000000_QUE_2009
|7 0
|8 A
|9 464734
|a BIBHIS
|b BIBHIS
|i 5115248
|o 358.171 QUE 2009
|p 5115248
|r 2025-01-20
|w 2019-11-23
|y BK
|z Catalogado en:20140925
|k HIS
|